Pricing policies for a two-part exhaustible resource cartel (Registro nro. 27017)

Detalles MARC
000 -LEADER
fixed length control field 00380 a2200121 4500
001 - CONTROL NUMBER
control field ART_14756
005 - DATE AND TIME OF LATEST TRANSACTION
control field 20260410161913.0
008 - FIXED-LENGTH DATA ELEMENTS--GENERAL INFORMATION
fixed length control field 260409a
100 1# - MAIN ENTRY--PERSONAL NAME
Personal name Pindyck, Robert S.
245 10 - TITLE STATEMENT
Title Pricing policies for a two-part exhaustible resource cartel
700 1# - ADDED ENTRY--PERSONAL NAME
Personal name Hnyilicza, E.
773 0# - HOST ITEM ENTRY
Title European economic review
Related parts - Vol. 8, Nº 2 (ago. 1976)
Record control number REV13346

No hay ítems disponibles.